Statistics for Croods New Age Guess The Cast

Click here to take the quiz!

General Stats

  • This quiz has been taken 23 times
  • The average score is 7 of 11

Answer Stats

CharacterVoice Actor% Correct
EepEmma Stone
100%
GrugNicolas Cage
80%
GuyRyan Reynolds
80%
BeltChris Sanders
60%
ThunkClark Duke
60%
GranCloris Leachman
60%
Dawn BettermanKelly Marie Tran
60%
Hope BettermanLeslie Mann
60%
Phil BettermanPeter Dinklage
60%
UggaCatherine Keener
50%
SandyRandy Thom
40%

Score Distribution

Percentile by Number Answered

Percent of People with Each Score

Your Score History

You have not taken this quiz